De los mysterios de la pasión que Cristo sufrió por el testimonio de la verdad, que predicó, ...

Detalles Bibliográficos
Autor principal: TOVAR, (Bachiller)
Formato: Libro
Publicado: Sevilla 1570
Materias:
Colección:Banco de datos
Acervo:Biblioteca del Convento de Santa Mónica de la Ciudad de Puebla. Puebla
Tema general:Ascética
Notas:Regular. H2, 19.
LEADER 00666nam a22001930004500
035 |a 51816 
036 |a 1584 
100 1 |a TOVAR, (Bachiller) 
245 1 0 |a De los mysterios de la pasión que Cristo sufrió por el testimonio de la verdad, que predicó, ... 
260 |a Sevilla  |b imp. Juan Gutiérrez  |c 1570 
500 |a Regular. H2, 19. 
650 1 0 |a Ascética 
949 |a CRP-SM 
959 |a Ex convento de Santa Mónica. Puebla, Puebla  |b CCC5 
960 |a Convento de Santa Mónica de la ciudad de Puebla  |b DD88 
961 |a Franciscana  |b OF 
942 |c CRP-SM 
943 |g Biblioteca del Convento de Santa Mónica de la Ciudad de Puebla. Puebla 
999 |c 962154  |d 962154